La condición postmoderna : (Registro nro. 3349)

Detalles MARC
000 -CABECERA
campo de control de longitud fija 01683nam a2200325 4500
001 - NÚMERO DE CONTROL
campo de control Mimo0000233879
003 - IDENTIFICADOR DEL NÚMERO DE CONTROL
campo de control AR-RoIUNI
005 - FECHA Y HORA DE LA ÚLTIMA TRANSACCIÓN
campo de control 20210316132734.0
007 - CAMPO FIJO DE DESCRIPCIÓN FÍSICA--INFORMACIÓN GENERAL
campo de control de longitud fija ta
008 - DATOS DE LONGITUD FIJA--INFORMACIÓN GENERAL
campo de control de longitud fija 840926s1984 sp r 000 spa d
016 7# - NÚMERO DE CONTROL DE UNA AGENCIA BIBLIOGRÁFICA NACIONAL
Número de control del registro bimoBNE19921532382
Número de control de registro cancelado o inválido IBH8405815033
Fuente SpMaBN
017 ## - NÚMERO DE COPYRIGHT O DE DEPÓSITO LEGAL
Número de copyright o de depósito legal M 18192-1984
Agencia que asigna Oficina Depósito Legal Madrid
020 ## - NÚMERO INTERNACIONAL ESTÁNDAR DEL LIBRO
Número Internacional Estándar del Libro 8437604664
035 ## - NÚMERO DE CONTROL DEL SISTEMA
Número de control de sistema (OCoLC)40514334
040 ## - FUENTE DE LA CATALOGACIÓN
Centro catalogador/agencia de origen IBH
Centro/agencia transcriptor AR-RoIUNI
041 1# - CÓDIGO DE LENGUA
Código de lengua del texto/banda sonora o título independiente spa
Código de lengua original fre
080 ## - NÚMERO DE LA CLASIFICACIÓN DECIMAL UNIVERSAL
Número de la Clasificación Decimal Universal 316
100 1# - ENTRADA PRINCIPAL--NOMBRE DE PERSONA
Nombre de persona Lyotard, Jean-François
Fechas asociadas al nombre 1924-1998
240 13 - TÍTULO UNIFORME
Título uniforme <a href="La condition postmoderne">La condition postmoderne</a>
Lenguaje de la obra Español
245 13 - MENCIÓN DE TÍTULO
Título La condición postmoderna :
Resto del título informe sobre el saber /
Mención de responsabilidad, etc. Jean-François Lyotard ; traducción de Mariano Antolín Rato.
260 ## - PUBLICACIÓN, DISTRIBUCIÓN, ETC. (PIE DE IMPRENTA)
Lugar de publicación, distribución, etc. Madrid :
Nombre del editor, distribuidor, etc. Cátedra,
Fecha de publicación, distribución, etc. 1984.
300 ## - DESCRIPCIÓN FÍSICA
Extensión 119 p. ;
Dimensiones 21 cm.
490 0# - MENCIÓN DE SERIE
Mención de serie Colección Teorema. Serie mayor
505 0# - NOTA DE CONTENIDO CON FORMATO
Nota de contenido con formato 1. El campo: el saber en las sociedades informatizadas -- 2. El problema: la legitimación -- 3. El métido: los juegos de lenguaje -- 4. La naturaleza del lazo social: la alternativa moderna -- 5. La naturaleza del lazo social: la perspectiva post moderna -- 6. Pragmática del saber narrativo -- 7. Pragmática del saber científico -- 8. La función narrativa y la legitimación del saber -- 9. Los relatos de la legitimación del saber -- 10. La deslegitimación -- 11. La investigación y su legitimación por la performatividad -- 12. La enseñanza y su legitimación por la performatividad -- 13. La ciencia postmoderna como investigación de inestabilidades -- 14. La investigación por la paralogía.
650 #4 - PUNTO DE ACCESO ADICIONAL DE MATERIA--TÉRMINO DE MATERIA
Término de materia o nombre geográfico como elemento inicial PSICOLOGÍA
9 (RLIN) 108
650 #4 - PUNTO DE ACCESO ADICIONAL DE MATERIA--TÉRMINO DE MATERIA
Término de materia o nombre geográfico como elemento inicial FILOSOFÍA
9 (RLIN) 77
650 #4 - PUNTO DE ACCESO ADICIONAL DE MATERIA--TÉRMINO DE MATERIA
Término de materia o nombre geográfico como elemento inicial CIENCIA
9 (RLIN) 97
650 #4 - PUNTO DE ACCESO ADICIONAL DE MATERIA--TÉRMINO DE MATERIA
Término de materia o nombre geográfico como elemento inicial CIVILIZACIÓN
942 ## - ELEMENTOS DE PUNTO DE ACCESO ADICIONAL (KOHA)
Fuente del sistema de clasificación o colocación Clasificación Decimal Universal
Tipo de ítem Koha Libros
Existencias
Estado de retiro Estado de pérdida Fuente del sistema de clasificación o colocación Estado dañado Excepción de préstamo Código de colección Localización permanente Ubicación/localización actual Ubicación en estantería Fecha de adquisición Fuente de adquisición Número de inventario Total de préstamos Signatura topográfica completa Código de barras Fecha visto por última vez Fecha del último préstamo Número de copia Precio válido a partir de Tipo de ítem Koha Nota pública
    Clasificación Decimal Universal     Psicología BIBLIOTECA RIOBAMBA BIBLIOTECA RIOBAMBA BIBLIOTECA RIOBAMBA 22/08/2016 Compra 3447 1 316 LYO 3447 14/09/2017 13/09/2017 1 30/09/2016 Libros Donación Pablo Zöpke